Catálogo de incunables de la Biblioteca Nacional de México (Record no. 1665)

MARC details
000 -CABECERA
campo de control de longitud fija 01107nam a2200277 a 4500
001 - NÚMERO DE CONTROL
campo de control BRCA_1889
005 - FECHA Y HORA DE LA ÚLTIMA TRANSACCIÓN
campo de control 20190320203606.0
008 - DATOS DE LONGITUD FIJA--INFORMACIÓN GENERAL
campo de control de longitud fija 900320s1987 mx-a---##b---f001-0#spa-#
020 ## - NÚMERO INTERNACIONAL ESTÁNDAR DEL LIBRO
Número Internacional Estándar del Libro 9683603416
040 ## - FUENTE DE LA CATALOGACIÓN
Centro catalogador/agencia de origen DLC
Centro/agencia transcriptor DLC
Centro/agencia modificador DLC
050 #4 - SIGNATURA TOPOGRÁFICA DE LA BIBLIOTECA DEL CONGRESO
Número de clasificación Z240
Número de documento/Ítem .Y46 1987
100 1# - ENTRADA PRINCIPAL--NOMBRE DE PERSONA
Nombre de persona Yhmoff Cabrera, Jesús
9 (RLIN) 5834
245 10 - MENCIÓN DE TÍTULO
Título Catálogo de incunables de la Biblioteca Nacional de México
Mención de responsabilidad, etc. Jesús Yhmoff Cabrera ; presentación de Ernesto de la Torre Villar.
250 ## - MENCIÓN DE EDICIÓN
Mención de edición 2
260 ## - PUBLICACIÓN, DISTRIBUCIÓN, ETC.
Lugar de publicación, distribución, etc. México
Nombre del editor, distribuidor, etc. UNAM, Instituto de Investigaciones Bibliográficas
Fecha de publicación, distribución, etc. 1987
300 ## - DESCRIPCIÓN FÍSICA
Extensión 180 p.
Otras características físicas il.
Dimensiones 23 cm.
440 #0 - MENCIÓN DE SERIE/PUNTO DE ACCESO ADICIONAL--TÍTULO
Título Guías
Designación de volumen o secuencia 7
9 (RLIN) 5835
500 ## - NOTA GENERAL
Nota general Incluye escudos o marcas tipográficas
500 ## - NOTA GENERAL
Nota general Incluye índice de lugares de impresión, índice de impresores y editores, índice de años de impresión y de poseedores anteriores al actual
504 ## - NOTA DE BIBLIOGRAFÍA, ETC.
Nota de bibliografía, etc. Bibliografía : p. 15
610 24 - PUNTO DE ACCESO ADICIONAL DE MATERIA--NOMBRE DE ENTIDAD CORPORATIVA
Nombre de entidad corporativa o nombre de jurisdicción como elemento de entrada Biblioteca Nacional de México
Subdivisión de forma Catálogos
9 (RLIN) 5836
650 14 - PUNTO DE ACCESO ADICIONAL DE MATERIA--TÉRMINO DE MATERIA
Término de materia o nombre geográfico como elemento de entrada Incunables
Subdivisión de forma Bibliografía
Subdivisión geográfica México
9 (RLIN) 5837
653 0# - TÉRMINO DE INDIZACIÓN--NO CONTROLADO
Término no controlado Colección de la Biblioteca Nacional
700 1# - PUNTO DE ACCESO ADICIONAL--NOMBRE DE PERSONA
Nombre de persona Torre Villar, Ernesto de la
9 (RLIN) 5838
942 ## - ELEMENTOS DE PUNTO DE ACCESO ADICIONAL (KOHA)
Fuente del sistema de clasificación o colocación Library of Congress Classification
Tipo de ítem Koha Libros
Holdings
Estado de retiro Estado de pérdida Estado dañado No para préstamo Localización permanente Ubicación/localización actual Fecha de adquisición Total de préstamos Signatura topográfica completa Código de barras Fecha visto por última vez Precio válido a partir de Tipo de ítem Koha
El ejemplar forma parte de la colección y puede ser consultado según las políticas vigentes.       Biblioteca del Museo Franz Mayer (Rogerio Casas-Alatriste) Biblioteca del Museo Franz Mayer (Rogerio Casas-Alatriste) 30/07/2008   Z240 .Y46 1987 00440 22/03/2019 22/03/2019 Libros